000 00973nam a22002057a 4500
003 JO-AjAnu
005 20260106085158.0
008 260106b jo ||||| |||| 00| 0 ara d
020 _a9789923946510
040 _aJO-AjAnu
_bara
_cJO-AjAnu
_dJO-AjAnu
_erda
041 _aara
_hara
050 _aDS154.6
_b.D48 2024
110 1 _aالديوان الملكي الهاشمي
_eمشرف
_966928
245 0 1 _aبالعزم بنينا : الاردن في ربع قرن كتاب مصور 1999-2024 /
_cالديوان الملكي الهاشمي
250 _aالطبعة الاولى
260 _aعمان :
_bالديوان الملكي الهاشمي،
_c2024
300 _a296 صفحة
650 0 0 _aعهد الملك عبدالله الثاني 1999-التنمية الاقتصادية والاجتماعية-تنمية السياحة-التنمية الصناعية-الاعمار الهاشمي-الانجازات-تاريخ الاردن
_966930
942 _2lcc
_cREF
_n0
999 _c34160
_d34160